Walter White's Confession - Statistics

General Stats
  • This quiz has been taken 377 times
  • The average score is 242 of 500
Answer Stats
Answer % Correct
I
97%
a
96%
My
92%
my
92%
Walter
92%
is
91%
name
91%
White
91%
me
88%
live
85%
at
82%
At
82%
Hartwell
81%
Hank
79%
New
75%
This
75%
this
75%
confession
74%
meth
74%
Mexico
74%
DEA
72%
Lane
72%
Albuquerque
70%
and
67%
And
67%
He
67%
he
67%
you
67%
in
66%
In
66%
Schrader
66%
Negra
65%
brother-in-law
63%
the
62%
Arroyo
60%
308
59%
for
59%
For
59%
by
57%
drug
56%
no
56%
to
56%
his
54%
If
53%
so
53%
what
53%
as
51%
chemist
51%
dead
51%
family
51%
who
51%
cook
50%
empire
50%
Fring
50%
I'm
50%
kill
50%
was
50%
on
49%
We
49%
can
48%
Gustavo
48%
has
47%
probably
47%
watching
47%
when
47%
man
46%
year
46%
go
45%
you're
45%
been
44%
know
44%
money
44%
murdered
44%
of
44%
that
44%
cancer
42%
did
42%
over
42%
use
42%
made
40%
tape
40%
using
40%
building
39%
it
39%
make
39%
now
39%
police
39%
then
39%
want
39%
chemistry
38%
connections
38%
Connections
38%
wife
38%
with
38%
had
37%
used
36%
could
35%
have
35%
methamphetamine
35%
time
35%
87104
34%
but
34%
But
34%
knowledge
34%
would
34%
business
33%
threatened
33%
took
33%
where
33%
Hector
32%
how
32%
world
32%
bomb
31%
children
31%
didn't
31%
named
31%
or
31%
Salamanca
31%
wanted
31%
from
30%
named
30%
after
29%
much
29%
out
29%
sell
28%
tried
28%
will
28%
birthday
27%
came
27%
operation
27%
scared
27%
thought
27%
very
27%
which
27%
ride
26%
showed
26%
them
26%
up
26%
weak
26%
fear
25%
gave
25%
him
25%
knew
25%
partner
25%
through
25%
were
25%
asked
24%
built
24%
call
24%
diagnosis
24%
head
24%
moral
24%
along
23%
always
23%
career
23%
even
23%
fiftieth
23%
hit
23%
small
23%
sold
23%
All
22%
bankrupt
22%
bills
22%
coward
22%
done
22%
into
22%
Shortly
22%
think
22%
advantage
21%
criminal
21%
falling
21%
quit
21%
take
21%
Why
21%
back
20%
dollars
20%
idea
20%
proposition
20%
way
20%
working
20%
about
19%
agreed
19%
financial
19%
hurt
19%
end
18%
medical
18%
our
18%
reeling
18%
ruin
18%
shocking
18%
suicide
18%
three
18%
gather
17%
give
17%
guess
17%
hell
17%
injured
17%
little
17%
moment
17%
months
17%
servitude
17%
something
17%
turn
17%
vulnerable
17%
again
16%
astounded
16%
businessman
16%
contemplated
16%
poised
16%
brought
15%
Everyday
15%
everyday
15%
kept
15%
often
15%
option
15%
particularly
15%
paying
15%
rather
15%
regret
15%
response
15%
revenge
15%
share
15%
worse
15%
177,000
14%
able
14%
line
14%
myself
14%
once
14%
plotted
14%
point
14%
realized
14%
Uh
14%
activities
13%
can't
13%
frightened
13%
keep
13%
learn
13%
until
13%
Upon
13%
upon
13%
wound
13%
bent
12%
failed
12%
horrified
12%
seriously
12%
taken
12%
also
11%
fact
11%
greater
11%
quickly
11%
refused
11%
risen
11%
things
11%
amounted
10%
anymore
10%
arrange
10%
become
10%
Eventually
10%
nightmare
10%
recovery
10%
confused
9%
essentially
9%
flatly
9%
hated
9%
ranks
9%
escalated
8%
pushing
8%
thrown
8%
Recently
7%
I could think to do was to make this video in hope that the world will finally see this man for what he really is
1%
No matching quizzes found
Score Distribution
Percent of People with Each Score
Percentile by Number Answered
Your Score History
You have not taken this quiz